000
00226 a2200097 4500
001
7628
100
_a
Merrill, G
245
_a
Dictionary of guided missiles and space flight
260
_a
_b
D Van Nost
_c
090
_c
6103
_d
6103
942
_a
NUST-CAE
_c
M
_c
32605
999
_c
242701
_d
242701